000 00478nam a2200169Ia 4500
005 20250423100449.0
008 250422s9999 xx 000 0 und d
020 _a9780691199429
050 _aRM 300 .A75/
100 _aAshelford, Sarah
245 0 _aPathophysiology and pharmacology in nursing
250 _a3rd. ed.
260 _c2023
300 _a485 p
650 _aPathophysiology Pharmacology Nursing Nursing—Pathophysiology Nursing—Pharmacology
942 _cBK
999 _c33382
_d33382